|
|
|
|
| LEADER |
00688nab a2200205 i 4500 |
| 001 |
publ30662 |
| 005 |
20241014173613.0 |
| 008 |
241014s2006 hu o 000 hun d |
| 022 |
|
|
|a 0006-7768
|
| 024 |
7 |
|
|a 2179570
|2 mtmt
|
| 040 |
|
|
|a SZTE Publicatio Repozitórium
|b hun
|
| 041 |
|
|
|a hun
|
| 100 |
1 |
|
|a Husz Sándor
|
| 245 |
1 |
2 |
|a A levocetirizine hatásossága bőrgyógyászati allergiás betegségekben
|h [elektronikus dokumentum] /
|c Husz Sándor
|
| 260 |
|
|
|c 2006
|
| 300 |
|
|
|a 4
|
| 300 |
|
|
|a 225-230
|
| 490 |
0 |
|
|a BŐRGYÓGYÁSZATI ÉS VENEROLÓGIAI SZEMLE
|v 82 No. 5
|
| 650 |
|
4 |
|a Klinikai orvostan
|
| 856 |
4 |
0 |
|u http://publicatio.bibl.u-szeged.hu/30662/1/aok_klny_481_06.pdf
|z Dokumentum-elérés
|